000 00711nam a22002172 4500
001 0000024960
005 20151217145950.0
008 140402s xx 000 0 eng d
020 _a0335236565 :
040 _aKABU
_cKABU
100 1 _aJohnston, Jane.
_@0000185309
245 1 0 _aEarly childhood and primary education :
_breadings and reflections /
_cJane Johnston and John Halocha.
250 _a1st ed.
260 _aMaidenhead, England :
_bOpen University Press,
_c2010.
300 _aviii, 301 p.
650 0 _aEarly childhood education.
_@0000153583
700 1 _aHalocha, John.
_@0000185310
852 1 _9p3995 KES
908 _a140402
950 _@1
999 _c4594
_d4594